000 01097nam a22003497a 4500
003 CHAP
005 20220329134934.0
008 971013s1975 r 00010 d
010 _a28390
011 _a29362
035 _a33473
040 _cCHAP
090 _aFolleto 3340
100 0 0 _aConsuegra, José.
_927397
245 _aInterés
_b: dependencia y subdesarrollo
260 _aMontería, Colombia :
_bUniversidad de Córdoba,
_c1975
300 _a69 p.
490 _aColección Universidad y Pueblo
590 _aBATCH-UPD
_b10
_c20130110
_lUCH01
_h0019
590 _aBATCH-UPD
_b10
_c20130110
_lUCH01
_h1838
590 _aBATCH-UPD
_b10
_c20130409
_lUCH01
_h1958
590 _aBATCH-UPD
_b10
_c20130410
_lUCH01
_h1209
590 _aBATCH-UPD
_b10
_c20130914
_lUCH01
_h0844
590 _aCONVERSION
_b10
_c20130109
_lUCH01
_h1316
650 1 4 _aCapitalismo.
_918711
650 1 4 _aEconomía.
_935226
650 1 4 _aInterés y usura.
_960146
830 0 _aColección Universidad y Pueblo
_925014
901 _aBK
942 _cFOLL
949 _aFolleto 3340
_bBC
_cFOLL
_d-77872
_eTS1
_i33473
_mD
_si
999 _c28390
_d28390